|
|
|
|
| LEADER |
00000naa2a2200000 4500 |
| 001 |
627002 |
| 005 |
20240228121523.0 |
| 035 |
|
|
|a (RuTPU)RU\TPU\conf\26684
|
| 035 |
|
|
|a RU\TPU\conf\26678
|
| 090 |
|
|
|a 627002
|
| 100 |
|
|
|a 20180810d2018 k y0rusy50 ca
|
| 101 |
0 |
|
|a rus
|
| 102 |
|
|
|a RU
|
| 105 |
|
|
|a y z 101zy
|
| 135 |
|
|
|a drcn ---uucaa
|
| 181 |
|
0 |
|a i
|
| 182 |
|
0 |
|a b
|
| 200 |
1 |
|
|a Изучение влияния соотношения О/N на растворимость TiON-покрытий в модельных физиологических жидкостях
|f Е. В. Ефимова, Л. А. Леонова, Е. Л. Бойцова
|g науч. рук. Л. А. Леонова
|
| 203 |
|
|
|a Текст
|c электронный
|
| 225 |
1 |
|
|a Химическая технология редких элементов
|
| 300 |
|
|
|a Заглавие с экрана
|
| 320 |
|
|
|a [Библиогр.: с. 410 (2 назв.)]
|
| 463 |
|
0 |
|0 (RuTPU)RU\TPU\conf\26227
|t Химия и химическая технология в XXI веке
|o материалы XIX Международной научно-практической конференции студентов и молодых ученых имени профессора Л. П. Кулёва, 21-24 мая 2018 г., г. Томск
|f Национальный исследовательский Томский политехнический университет
|v [С. 409-410]
|d 2018
|
| 610 |
1 |
|
|a электронный ресурс
|
| 610 |
1 |
|
|a труды учёных ТПУ
|
| 610 |
1 |
|
|a растворимость
|
| 610 |
1 |
|
|a покрытия
|
| 610 |
1 |
|
|a жидкости
|
| 610 |
1 |
|
|a диоксид титана
|
| 610 |
1 |
|
|a химическая стойкость
|
| 610 |
1 |
|
|a азот
|
| 610 |
1 |
|
|a коррозионная стойкость
|
| 610 |
1 |
|
|a титановые подложки
|
| 700 |
|
1 |
|a Ефимова
|b Е. В.
|
| 701 |
|
1 |
|a Леонова
|b Л. А.
|c химик-технолог
|c доцент Томского политехнического университета, кандидат технических наук
|c девичья фамилия Филатова
|f 1983-
|g Лилия Александровна
|3 (RuTPU)RU\TPU\pers\25860
|9 11728
|
| 701 |
|
1 |
|a Бойцова
|b Е. Л.
|c физик
|c доцент Томского политехнического университета, кандидат технических наук
|f 1975-
|g Елена Львовна
|y Томск
|3 (RuTPU)RU\TPU\pers\34868
|9 18204
|
| 702 |
|
1 |
|a Леонова
|b Л. А.
|c химик-технолог
|c старший преподаватель Томского политехнического университета, кандидат технических наук
|c девичья фамилия Филатова
|f 1983-
|g Лилия Александровна
|4 727
|
| 712 |
0 |
2 |
|a Национальный исследовательский Томский политехнический университет
|b Инженерная школа ядерных технологий
|b Лаборатория плазменных гибридных систем
|3 (RuTPU)RU\TPU\col\23381
|
| 712 |
0 |
2 |
|a Национальный исследовательский Томский политехнический университет
|b Инженерная школа ядерных технологий
|b Отделение ядерно-топливного цикла
|3 (RuTPU)RU\TPU\col\23554
|
| 801 |
|
2 |
|a RU
|b 63413507
|c 20180821
|g RCR
|
| 856 |
4 |
|
|u http://earchive.tpu.ru/handle/11683/49855
|
| 942 |
|
|
|c BK
|